| 000 | 00525nam a2200157Ia 4500 | ||
|---|---|---|---|
| 008 | 210210b2005 xxu||||| |||| 00| 0 eng d | ||
| 020 | _a81 7033 905 7 | ||
| 082 | _a820.09 LANM | ||
| 100 | _aLANGE (Bernd Peter) and PANDURANG (Mala). Ed. | ||
| 245 | _aMediating Indian writing in English: German responses. | ||
| 260 |
_aJaipur _bRawat Publications _c2005 |
||
| 300 | _a330 | ||
| 650 | _aArundhati Roy Salman Rushdie Amitav Ghosh Gender Sujata Bhatt Indian Novels | ||
| 690 | _aIndian English Criticism | ||
| 906 | _a061538 | ||
| 999 |
_c108238 _d108238 |
||